Dolores clairborne /

Guardado en:
Autor Principal: King, Stephen
Formato: Libro
Publicado: México : Grijalbo, 1993
Materias:
Etiquetas: Agregar Etiqueta
Sin Etiquetas, Sea el primero en etiquetar este registro!
LEADER 00593nam a22002175a 4500
001 CEM.cems010790
005 20080327102054.0
008 130507s1993##################000#0#####d
003 CEMS
020 |a 9700504573 
082 0 4 |a 813.5 
100 1 |a King, Stephen 
245 1 0 |a Dolores clairborne /  |c Stephen King 
260 |a México :  |b Grijalbo,  |c 1993 
300 |a 291 p. 
653 |a Literatura 
653 |a Literatura de terror 
653 |a Novelas 
653 |a Novelas eeuu-siglo 20 
653 |a Literatura estadounidense 
859 |a CEMS  |b BIB. CEMS - 11 de abril  |h 813.5  |i K587-2  |p 21459.01  |t Ej.1